| 000 | 00729nam a22002297a 4500 | ||
|---|---|---|---|
| 999 |
_c215928 _d215928 |
||
| 005 | 20251202115154.0 | ||
| 008 | 251202b ||||| |||| 00| 0 eng d | ||
| 020 | _a9787508529981 (paperback) | ||
| 040 |
_aLC _cUNZA _eRDA |
||
| 050 |
_aPR9195 _bPRO 2014 |
||
| 245 |
_aProfound Scholars' Lectures on Poems in the Tang Dynasty _cEdited by Shi Wen |
||
| 250 | _aEng. | ||
| 260 |
_aBeijin : _bChina intercontinental Press, _c2014. |
||
| 300 |
_a241 pages : _billustrations ; _c23cm. |
||
| 336 | _aText | ||
| 337 | _aUnmediated | ||
| 338 | _aSeries | ||
| 440 | _aClassic Chinese Reader | ||
| 650 |
_aChinese Poetry _xChinese poetry Tang Dynasty _xHistory and Criticism |
||
| 700 |
_aTianxin zhang _eTranslator |
||
| 942 | _cBOOK | ||